000 00378nam a2200133Ia 4500
008 230907s9999||||xx |||||||||||||| ||und||
082 _a823.912
_bTOL
100 _aTolkien, J. R. R.
_964032
245 4 _aThe fellowship of the ring :
260 _aHoughton Mifflin,
_bBoston :
_c2007
300 _axxxvii, 506 p. :
650 _aFiction. English Literature
_910267
942 _cBK
999 _c599792
_d599792